Normal view MARC view

Entry Personal Name

Number of records used in: 1

001 - CONTROL NUMBER

  • control field: 260292

003 - CONTROL NUMBER IDENTIFIER

  • control field: OSt

005 - DATE AND TIME OF LATEST TRANSACTION

  • control field: 20260406143221.0

008 - FIXED-LENGTH DATA ELEMENTS

  • fixed length control field: 260406|| aca||aabn | a|a d

040 ## - CATALOGING SOURCE

  • Original cataloging agency: OSt
  • Transcribing agency: OSt

100 ## - HEADING--PERSONAL NAME

  • Personal name: SHARM (Krashndev) Env AGRVAL (Maya).
  • Dates associated with a name: शर्मा (कृष्णदेव) अग्रवाल (माया)

670 ## - SOURCE DATA FOUND

  • Source citation: Work cat.: (OSt)101110: SHARM (Krashndev) Env AGRVAL (Maya). शर्मा (कृष्णदेव) अग्रवाल (माया) , Saket., 1998